| 000 | 01263cam a2200361 i 4500 | ||
|---|---|---|---|
| 999 |
_c200447100 _d65312 |
||
| 001 | 200447100 | ||
| 003 | TR-AnTOB | ||
| 005 | 20220418172940.0 | ||
| 007 | ta | ||
| 008 | 060207s2002 tu d 00000 tur | ||
| 020 | _a9755126833X | ||
| 035 | _a(TR-AnTOB)200447100 | ||
| 040 |
_aSULEY _beng _erda _cSULEY _dTR-AnTOB |
||
| 041 | 0 | _atur | |
| 050 | 4 |
_aHG5706.5.I96 _bE34 2002 |
|
| 090 |
_aHG5706.5.I96 _bE34 2002 |
||
| 100 | 1 |
_aEfe, Birol _eauthor _9129056 |
|
| 245 | 1 | 0 |
_aKüreselleşme sürecinde doğrudan yabancı sermaye yatırımlarının analizi "İzmir örneği" / _cBirol Efe. |
| 264 | 1 |
_aİzmir : _bİzmir Ticaret Odası, _c2002. |
|
| 300 |
_axvii, 151 pages : _bdiagrams, tables ; _c24 cm |
||
| 336 |
_atext _btxt _2rdacontent |
||
| 337 |
_aunmediated _bn _2rdamedia |
||
| 338 |
_avolume _bnc _2rdacarrier |
||
| 490 | 0 |
_aİzmir Ticaret Odası ; _vyayın no. 120 |
|
| 504 | _aBIB | ||
| 650 | 7 |
_aYatırımlar, Dış _zTürkiye _zİzmir _2etuturkob _9135357 |
|
| 650 | 7 |
_aSermaye yatırımları _zTürkiye _zİzmir _2etuturkob _9135358 |
|
| 650 | 7 |
_aUluslararası ticari teşebbüsler _zTürkiye _zİzmir _2etuturkob _9135359 |
|
| 710 | 2 |
_aİzmir Ticaret Odası _957135 |
|
| 942 |
_2lcc _cBK |
||